=LDR 00000nam 2200000 4500 =001 NUTBA000000000002761 =005 20140627111445.0 =006 =007 =008 =020 ##$$a 978-602-8361-44-6 =035 ##$$a 0010-061400000000704 =082 ##$$a 323.623 =100 ##$$a TUKIRAN TANIREDJA =245 ##$$a PENDIDIKAN KEWRGANEGARAAN =260 ##$$a PURWOKERTO $b ALFABETA $c 2009 =990 ##$$a 21400613/BPAP-NTB/20142014